000 00239nam a22000977a 4500
100 _aMudgal,Hariom
_979901
245 _aA Complete Book of Upnishad
260 _aGuwahati
_bKritika Marketing
_c2019
650 _aReligions
_980048
942 _cBK
999 _c63545
_d63545